000 00618nam a2200241Ia 4500
003 OSt
005 20220927104736.0
006 a|||||r|||| 00| 0
007 ta
008 220926b |||||||| |||| 00| 0 eng d
024 _a154049
037 _cReference Collections
040 _aRTL
_cRTL
_beng
041 _2eng
_aeng
082 _a"U:(G:55), M8/UN"
110 _a"Nairobi, UNEP"
_9367003
245 4 _aThe Public and Environment
260 _c1988
300 _a43P
_ccm.
700 _a"Nairobi, UNEP"
_9367004
942 _h"U:(G:55), M8/UN"
_cCC
999 _c688479
_d688479